000 00637nam a2200169 i 4500
001 82369
003 ES-MaACL
005 20230906174648.0
007 t|
008 041110s1948 sp ||||1| spa d
100 1 _aYbarra y Bergé, Javier de.
_964964
245 1 3 _aEl santo Conde Don Vela
_b: conferencia poronunciada en el Museo de Bellas Artes del Parque de Bilbao, el día 7 de noviembre de 1946 /
_cJavier de Ybarra y Berge.
260 _a[Bilbao] :
_bJunta de Cultura de Vizcaya,
_c1948 (
_fEditorial Vizcaina)
300 _a23 p. ;
_c22 cm.
600 1 4 _aAyala, Vela
_cConde de.
_9168563
852 _aES-MaACL
_j1931-F-10
_bR.31499
999 _c82369
_d82369